[Event "Titled Tuesday intern op 25th Feb Early"]
[Site "Chess.com INT"]
[Date "2025.02.25"]
[Round "11"]
[White "Dias, Simao Poscidonio"]
[Black "Ranasinghe, Sachini D"]
[Result "0-1"]
[WhiteElo "2105"]
[BlackElo "1782"]
[PlyCount "80"]
[EventDate "2025.02.25"]
[EventType "swiss (blitz)"]
[EventRounds "11"]
[EventCountry "USA"]
[SourceTitle "CB10_2025"]
[SourceDate "2025.03.05"]
[SourceVersion "1"]
[SourceVersionDate "2025.03.05"]
[SourceQuality "1"]

1. d4 d5 2. c4 e6 3. Nc3 Nf6 4. Nf3 c6 5. Bg5 Be7 6. e3 Nbd7 7. cxd5 exd5 8. Bd3 0-0 9. 0-0 Re8 10. Re1 Ne4 11. Bf4 f5 12. Qc2 Bf6 13. a4 h6 14. b4 g5 15. Bg3 g4 16. Nd2 h5 17. Bf4 Nf8 18. f3 Nxc3 19. Qxc3 Ng6 20. fxg4 hxg4 21. Bg3 Bg5 22. Nf1 Qf6 23. b5 Bd7 24. bxc6 bxc6 25. Rab1 Rac8 26. Ba6 Rcd8 27. Bc7 Nh4 28. Bxd8 Rxd8 29. Bd3 f4 30. exf4 Bxf4 31. Ng3 Qg5 32. Bf1 Nf5 33. Nxf5 Bxf5 34. Bd3 Be3+ 35. Kh1 Bd7 36. Bf1 Bf2 37. Re5 Qf4 38. Rd1 Rf8 39. Qd3 Rf6 40. Qb1 Qxh2+ 0-1

[Event "Titled Tuesday intern op 02nd Jul Early"]
[Site "Chess.com INT"]
[Date "2024.07.02"]
[Round "7"]
[White "Ranasinghe, Sachini D"]
[Black "Adewumi, Tanitoluwa"]
[Result "0-1"]
[WhiteElo "1782"]
[BlackElo "2386"]
[PlyCount "64"]
[EventDate "2024.07.02"]
[EventType "swiss (blitz)"]
[EventRounds "11"]
[EventCountry "USA"]
[SourceTitle "EXT 2025"]
[Source "ChessBase"]
[SourceDate "2024.10.14"]
[SourceVersion "1"]
[SourceVersionDate "2024.10.14"]
[SourceQuality "1"]

1. Nf3 Nf6 2. g3 d5 3. Bg2 Bf5 4. d4 e6 5. 0-0 c6 6. Nbd2 Nbd7 7. c4 Bd6 8. b3 0-0 9. Bb2 Ne4 10. Nxe4 Bxe4 11. Rc1 Qa5 12. a4 f5 13. c5 Be7 14. e3 Bf6 15. Bc3 Qa6 16. b4 Rae8 17. Re1 b6 18. Bf1 Qb7 19. Nd2 bxc5 20. bxc5 e5 21. f3 exd4 22. exd4 Bg5 23. fxe4 fxe4 24. Qg4 Bh6 25. Rb1 Qc7 26. Ba6 Nf6 27. Qe2 e3 28. Nf1 Ne4 29. Ba1 Rf2 30. Qd3 Qd7 31. Nxe3 Qh3 32. Ng4 Qg2# 0-1

[Event "Bhubaneswar op-A 14th"]
[Site "Bhubaneswar"]
[Date "2023.06.11"]
[Round "1"]
[White "Konguvel, Ponnuswamy"]
[Black "Ranasinghe, Sachini D"]
[Result "1-0"]
[WhiteElo "2257"]
[BlackElo "1712"]
[PlyCount "61"]
[EventDate "2023.06.11"]
[EventType "swiss"]
[EventRounds "10"]
[EventCountry "IND"]
[SourceTitle "CBM 214 Extra"]
[Source "ChessBase"]
[SourceDate "2023.07.31"]
[SourceVersion "1"]
[SourceVersionDate "2023.07.31"]
[SourceQuality "1"]

1. e4 c5 2. Nf3 Nc6 3. d4 cxd4 4. Nxd4 Nf6 5. Nc3 e5 6. Ndb5 d6 7. Bg5 a6 8. Na3 b5 9. Nd5 Be7 10. Bxf6 Bxf6 11. c3 Bg5 12. Nc2 Rb8 13. g3 h5 14. h4 Be7 15. Be2 Be6 16. Bxh5 Bf8 17. a3 g6 18. Bg4 f5 19. exf5 gxf5 20. Bf3 Kd7 21. Ndb4 e4 22. Nxc6 Kxc6 23. Be2 Bh6 24. a4 f4 25. axb5+ Kd7 26. Rxa6 Rb6 27. Ra7+ Kc8 28. Nd4 e3 29. Ra8+ Kd7 30. Rxd8+ Rxd8 31. Bg4 1-0

[Event "Colombo Mercantile op 11th"]
[Site "Colombo"]
[Date "2023.04.30"]
[Round "4"]
[White "Ranasinghe, Sachini D"]
[Black "Tennakoon, ILK"]
[Result "1-0"]
[WhiteElo "1727"]
[BlackElo "1441"]
[PlyCount "79"]
[EventDate "2023.04.28"]
[EventType "swiss"]
[EventRounds "7"]
[EventCountry "SRI"]
[SourceTitle "CBM 214 Extra"]
[Source "ChessBase"]
[SourceDate "2023.07.31"]
[SourceVersion "1"]
[SourceVersionDate "2023.07.31"]
[SourceQuality "1"]

1. Nf3 d5 2. g3 c5 3. d4 Nc6 4. Bg2 Bg4 5. c3 Nf6 6. Ne5 Bf5 7. Qa4 Qc7 8. Bf4 Qc8 9. Na3 a6 10. dxc5 e6 11. b4 Be7 12. Nxc6 bxc6 13. Nc2 Bxc2 14. Qxc2 0-0 15. 0-0 Nd7 16. e4 dxe4 17. Qxe4 g5 18. Bd6 Bxd6 19. cxd6 Nf6 20. Qe5 Nd5 21. Qxg5+ Kh8 22. Bxd5 cxd5 23. Qf6+ Kg8 24. Rad1 Rd8 25. Qg5+ Kh8 26. Qf6+ Kg8 27. Rd4 Rxd6 28. Rg4+ Kf8 29. Rg7 Qb7 30. Rxh7 Ke8 31. Rh8+ Kd7 32. Rxa8 Qxa8 33. Qxf7+ Kc6 34. a4 Qh8 35. Qf3 Kb6 36. Qe3+ Kb7 37. Qf4 Rc6 38. Qf7+ Kb6 39. a5+ Kb5 40. Qb7+ 1-0

[Event "Asian Continental op (Women) 19th"]
[Site "Delhi"]
[Date "2022.11.03"]
[Round "9"]
[White "Bhakti, Kulkarni"]
[Black "Ranasinghe, Sachini D"]
[Result "1/2-1/2"]
[WhiteElo "2376"]
[BlackElo "1675"]
[PlyCount "60"]
[EventDate "2022.10.26"]
[EventType "swiss"]
[EventRounds "9"]
[EventCountry "IND"]
[SourceTitle "EXT 2024"]
[Source "ChessBase"]
[SourceDate "2023.10.10"]
[SourceVersion "1"]
[SourceVersionDate "2023.10.10"]
[SourceQuality "1"]

1. d4 d5 2. c4 e6 3. Nc3 Nf6 4. cxd5 exd5 5. Bg5 Be7 6. e3 h6 7. Bh4 c6 8. Bd3 Ne4 9. Bxe7 Nxc3 10. Bxd8 Nxd1 11. Kxd1 Kxd8 12. b4 a6 13. a4 Be6 14. Ne2 Nd7 15. Nf4 Ke7 16. Kd2 Nf6 17. f3 Rhd8 18. g4 Ne8 19. Nh5 Kf8 20. Nf4 Nc7 21. Nxe6+ fxe6 22. Kc3 Ke7 23. f4 Ne8 24. h4 Nd6 25. Rh2 a5 26. b5 cxb5 27. axb5 b6 28. Kb3 Rac8 29. h5 Rc7 30. Rc2 Rdc8 1/2-1/2

[Event "Asian Continental Blitz op (Women) 19th"]
[Site "Delhi"]
[Date "2022.11.03"]
[Round "4"]
[White "Nguyen, Thi Mai Hung"]
[Black "Ranasinghe, Sachini D"]
[Result "1-0"]
[WhiteElo "2217"]
[BlackElo "1671"]
[PlyCount "126"]
[EventDate "2022.11.03"]
[EventType "swiss (blitz)"]
[EventRounds "9"]
[EventCountry "IND"]
[SourceTitle "EXT 2024"]
[Source "ChessBase"]
[SourceDate "2023.10.10"]
[SourceVersion "1"]
[SourceVersionDate "2023.10.10"]
[SourceQuality "1"]

1. d4 d5 2. Nf3 Nf6 3. Bf4 e6 4. e3 Bd6 5. Bg3 c5 6. c3 0-0 7. Nbd2 b6 8. Bd3 Bb7 9. 0-0 Bxg3 10. hxg3 Nbd7 11. Ne5 Nxe5 12. dxe5 Ne4 13. Nf3 f5 14. exf6 Nxf6 15. Qc2 Qc7 16. Ng5 Qe7 17. Bxh7+ Kh8 18. Bg6 Bc6 19. e4 Nd7 20. Nf3 Qf6 21. exd5 Bxd5 22. Be4 Qh6 23. Rad1 Nf6 24. Bxd5 exd5 25. Rfe1 Rae8 26. Qf5 Rd8 27. Re6 Kg8 28. Qg5 Ne4 29. Qxh6 gxh6 30. Rxh6 Kg7 31. Rc6 d4 32. Rc7+ Kg6 33. cxd4 cxd4 34. Rxd4 Rxd4 35. Nxd4 Rd8 36. Rc4 Nd2 37. Ra4 a5 38. Nf3 Nxf3+ 39. gxf3 Rd2 40. b3 Rd3 41. Kg2 Rd5 42. Re4 Rd2 43. Re6+ Kf5 44. Rxb6 Rxa2 45. Rb5+ Kf6 46. f4 Ra3 47. g4 Ra2 48. Kg3 Ra3 49. f3 Ra1 50. Rb6+ Ke7 51. g5 Rg1+ 52. Kf2 Ra1 53. f5 Ra2+ 54. Kg3 a4 55. bxa4 Rxa4 56. Rb7+ Kf8 57. f4 Ra1 58. Kg4 Rg1+ 59. Kh5 Rh1+ 60. Kg6 Ra1 61. Rb8+ Ke7 62. f6+ Kd6 63. f7 Kd5 1-0

[Event "Asian Continental Blitz op (Women) 19th"]
[Site "Delhi"]
[Date "2022.11.03"]
[Round "2"]
[White "Pandey, Srishti"]
[Black "Ranasinghe, Sachini D"]
[Result "1-0"]
[WhiteElo "2213"]
[BlackElo "1671"]
[PlyCount "71"]
[EventDate "2022.11.03"]
[EventType "swiss (blitz)"]
[EventRounds "9"]
[EventCountry "IND"]
[SourceTitle "EXT 2024"]
[Source "ChessBase"]
[SourceDate "2023.10.10"]
[SourceVersion "1"]
[SourceVersionDate "2023.10.10"]
[SourceQuality "1"]

1. d4 d5 2. c4 e6 3. Nf3 c6 4. Nc3 Nf6 5. e3 Be7 6. Be2 0-0 7. 0-0 Nbd7 8. b3 Ne4 9. Bb2 f5 10. Rc1 Bf6 11. Ba3 Re8 12. Qc2 g6 13. Ne1 Kg7 14. f3 Nxc3 15. Qxc3 dxc4 16. bxc4 e5 17. Qd2 Nf8 18. Nc2 Be6 19. Rfd1 Qc7 20. Bf1 Rad8 21. Qf2 Bf7 22. Rb1 exd4 23. exd4 Ne6 24. Kh1 Rd7 25. d5 Nd8 26. d6 Qb8 27. Nd4 Bg8 28. Re1 Rxe1 29. Rxe1 Nf7 30. c5 Qc8 31. Bb2 b6 32. Ne6+ Kh6 33. Bxf6 g5 34. f4 Kg6 35. fxg5 bxc5 36. Nf4# 1-0

[Event "Asian Continental Blitz op (Women) 19th"]
[Site "Delhi"]
[Date "2022.11.03"]
[Round "5"]
[White "Ranasinghe, Sachini D"]
[Black "Soumya, Swaminathan"]
[Result "0-1"]
[WhiteElo "1671"]
[BlackElo "2326"]
[PlyCount "88"]
[EventDate "2022.11.03"]
[EventType "swiss (blitz)"]
[EventRounds "9"]
[EventCountry "IND"]
[SourceTitle "EXT 2024"]
[Source "ChessBase"]
[SourceDate "2023.10.10"]
[SourceVersion "1"]
[SourceVersionDate "2023.10.10"]
[SourceQuality "1"]

1. Nf3 Nf6 2. g3 g6 3. Bg2 Bg7 4. 0-0 0-0 5. d4 d6 6. c4 Nbd7 7. Nc3 c6 8. Bd2 Re8 9. Qc1 e5 10. e3 e4 11. Ng5 d5 12. cxd5 cxd5 13. h4 h6 14. Nh3 Nf8 15. Nf4 Ne6 16. Nxe6 Bxe6 17. Ne2 Qd7 18. Nf4 Bg4 19. Qc3 g5 20. hxg5 hxg5 21. Nxd5 Nxd5 22. Qc2 Bf3 23. Rac1 Rac8 24. Qb3 Nb6 25. Bc3 Qg4 26. Rfe1 Bxg2 27. Kxg2 Qf3+ 28. Kg1 Rc6 29. Qd1 Qxd1 30. Rcxd1 Nd5 31. Rb1 Rec8 32. Bd2 Rc2 33. Red1 b5 34. a3 Bf8 35. Kg2 b4 36. axb4 Bxb4 37. Bxb4 Nxb4 38. Kh3 Nd3 39. Kg4 f6 40. Kf5 Kf7 41. Rh1 Rxf2+ 42. Kg4 Kg6 43. Ra1 f5+ 44. Kh3 Rh8# 0-1

[Event "Asian Continental op (Women) 19th"]
[Site "Delhi"]
[Date "2022.10.30"]
[Round "5"]
[White "Bommini, Mounika Akshaya"]
[Black "Ranasinghe, Sachini D"]
[Result "1-0"]
[WhiteElo "2160"]
[BlackElo "1675"]
[PlyCount "93"]
[EventDate "2022.10.26"]
[EventType "swiss"]
[EventRounds "9"]
[EventCountry "IND"]
[SourceTitle "EXT 2024"]
[Source "ChessBase"]
[SourceDate "2023.10.10"]
[SourceVersion "1"]
[SourceVersionDate "2023.10.10"]
[SourceQuality "1"]

1. d4 d5 2. c4 e6 3. Nc3 Be7 4. cxd5 exd5 5. Bf4 c6 6. e3 Nf6 7. Bd3 Nbd7 8. h3 Nf8 9. Nf3 Ng6 10. Bh2 0-0 11. 0-0 Bb4 12. Qc2 Re8 13. Ne5 Nd7 14. f4 Ngf8 15. a3 Ba5 16. b4 Bb6 17. Rae1 f6 18. Nf3 a6 19. a4 Nb8 20. f5 Kh8 21. Kh1 a5 22. b5 c5 23. dxc5 Bxc5 24. Qb3 Bb4 25. Re2 Nbd7 26. Nxd5 Nc5 27. Qc4 Nxa4 28. Nc7 Bd7 29. Nxa8 Qxa8 30. Qb3 Nc3 31. Rc2 Nxb5 32. Bxb5 Bxb5 33. Rfc1 Bd7 34. Nd4 b5 35. Bf4 Qe4 36. Rc7 Bd2 37. R1c5 a4 38. Qc2 Qxc2 39. Rxc2 Ba5 40. Rb7 b4 41. Bd6 b3 42. Rc5 Be1 43. Bxf8 Bc8 44. Rb8 b2 45. Rcxc8 b1Q 46. Rxe8 Bb4+ 47. Kh2 1-0

[Event "Online Olym Div3 A"]
[Site "Chess.com INT"]
[Date "2021.08.28"]
[Round "4.3"]
[White "Aleksandrova, Aleksandra"]
[Black "Ranasinghe, Sachini D"]
[Result "1-0"]
[WhiteElo "1731"]
[BlackElo "1725"]
[PlyCount "129"]
[EventDate "2021.08.27"]
[EventType "team-tourn (rapid)"]
[EventRounds "9"]
[EventCountry "USA"]
[SourceTitle "CBM 204 Extra"]
[Source "ChessBase"]
[SourceDate "2021.11.30"]
[SourceVersion "1"]
[SourceVersionDate "2021.11.30"]
[SourceQuality "1"]
[WhiteTeam "IPCA"]
[BlackTeam "Sri Lanka"]
[BlackTeamCountry "SRI"]

1. d4 d5 2. e3 Nf6 3. Bd3 Nc6 4. c3 e5 5. dxe5 Nxe5 6. Be2 c6 7. Nd2 Bf5 8. Ndf3 Ng6 9. Nd4 Bd7 10. Qb3 Qc7 11. Ngf3 Bd6 12. h3 a6 13. a4 0-0 14. Qc2 c5 15. Nf5 Ne4 16. Nxd6 Qxd6 17. Nd2 f5 18. c4 d4 19. Nxe4 fxe4 20. Qxe4 Bc6 21. Qg4 Ne5 22. Qg3 d3 23. Bf1 Rad8 24. Bd2 Nxc4 25. Qxd6 Rxd6 26. Bc3 b5 27. axb5 axb5 28. Ra7 Ra8 29. Rxa8+ Bxa8 30. b3 Na3 31. f3 Nb1 32. Bd2 Bd5 33. Bxd3 Na3 34. b4 Bb3 35. Ke2 c4 36. Be4 Rd8 37. Ra1 Nc2 38. Ra5 Rb8 39. Bc6 Ba4 40. Bc3 g6 41. Ra7 Na3 42. Rg7+ Kf8 43. Rxh7 Rb6 44. Bd5 Nb1 45. Bg7+ Ke8 46. Bd4 Ra6 47. Rh6 Bc2 48. e4 Bd3+ 49. Kd1 Na3 50. Rh8+ Ke7 51. Bc5+ Kd7 52. Rh7+ Ke8 53. Bf7+ Kd8 54. Be7+ Kd7 55. Bc5 Kd8 56. Rh6 Nc2 57. Rxg6 Ra1+ 58. Kd2 Ra2 59. Kc1 c3 60. Rd6+ Kc7 61. Rxd3 Nxb4 62. Bxb4 Rxg2 63. Rxc3+ Kb6 64. Be6 Rg1+ 65. Kc2 1-0